O N Vyute kavithakal bruhadsamaharam Vol II (Record no. 122212)

MARC details
000 -LEADER
fixed length control field 00710nam a2200289Ia 4500
003 - CONTROL NUMBER IDENTIFIER
control field OSt
005 - DATE AND TIME OF LATEST TRANSACTION
control field 20240530111728.0
008 - FIXED-LENGTH DATA ELEMENTS--GENERAL INFORMATION
fixed length control field 210210b2013 xxu||||| |||| 00| 0 eng d
020 ## - INTERNATIONAL STANDARD BOOK NUMBER
International Standard Book Number 8126402814
040 ## - CATALOGING SOURCE
Transcribing agency AL
041 ## - LANGUAGE CODE
Language code of text/sound track or separate title Malayalam
082 ## - DEWEY DECIMAL CLASSIFICATION NUMBER
Classification number 894.8121 KURO
100 ## - MAIN ENTRY--PERSONAL NAME
Personal name KURUP (O N V)
9 (RLIN) 168561
245 ## - TITLE STATEMENT
Title O N Vyute kavithakal bruhadsamaharam Vol II
260 ## - PUBLICATION, DISTRIBUTION, ETC.
Place of publication, distribution, etc. Kottayam
Name of publisher, distributor, etc. D C Books
Date of publication, distribution, etc. 2013
300 ## - PHYSICAL DESCRIPTION
Extent 1775
650 ## - SUBJECT ADDED ENTRY--TOPICAL TERM
Topical term or geographic name entry element Vyute
9 (RLIN) 168562
650 ## - SUBJECT ADDED ENTRY--TOPICAL TERM
Topical term or geographic name entry element Vol
9 (RLIN) 168563
650 ## - SUBJECT ADDED ENTRY--TOPICAL TERM
Topical term or geographic name entry element O
9 (RLIN) 168564
650 ## - SUBJECT ADDED ENTRY--TOPICAL TERM
Topical term or geographic name entry element N
9 (RLIN) 168565
650 ## - SUBJECT ADDED ENTRY--TOPICAL TERM
Topical term or geographic name entry element kavithakal
9 (RLIN) 168566
650 ## - SUBJECT ADDED ENTRY--TOPICAL TERM
Topical term or geographic name entry element II
9 (RLIN) 168567
650 ## - SUBJECT ADDED ENTRY--TOPICAL TERM
Topical term or geographic name entry element bruhadsamaharam
9 (RLIN) 168568
690 ## - LOCAL SUBJECT ADDED ENTRY--TOPICAL TERM (OCLC, RLIN)
Topical term or geographic name as entry element Malayalam
9 (RLIN) 168569
906 ## - LOCAL DATA ELEMENT F, LDF (RLIN)
a 072390
942 ## - ADDED ENTRY ELEMENTS (KOHA)
Source of classification or shelving scheme Dewey Decimal Classification
Koha item type Book
Holdings
Withdrawn status Lost status Source of classification or shelving scheme Damaged status Not for loan Collection code Home library Current library Date acquired Source of acquisition Cost, normal purchase price Total Checkouts Full call number Barcode Date last seen Date last checked out Price effective from Koha item type
    Dewey Decimal Classification     Konkani St Aloysius Library St Aloysius Library 02/17/2021 Biblios Book Point, Surathkal-575014 447.00 1 894.8121 KURO 072390 01/28/2023 01/16/2023 02/17/2021 Book